书目信息 |
| 题名: |
毛泽东思想和中国特色社会主义理论体系概论实践教程
|
|
| 作者: | 杨书萍 , 刘永希 , 廖名雄 主编 | |
| 分册: | ||
| 出版信息: | 北京 中共中央党校出版社 2019.12 |
|
| 页数: | 188页 | |
| 开本: | 26cm | |
| 丛书名: | 实践教程系列 | |
| 单 册: | ||
| 中图分类: | A84 , D616 | |
| 科图分类: | ||
| 主题词: | 毛泽东思想--mao ze dong si xiang--教材 , 中国特色社会主义--zhong guo te se she hui zhu yi--社会主义建设模式--教材 | |
| 电子资源: | ||
| ISBN: | 978-7-5035-6414-7 | |
| 000 | 01281nam 2200325 450 | |
| 001 | CAL 0120217164234 | |
| 005 | 20230217093111.0 | |
| 010 | @a978-7-5035-6414-7@dCNY37.00 | |
| 100 | @a20210428d2019 em y0chiy0120 ea | |
| 101 | 0 | @achi |
| 102 | @aCN@b110000 | |
| 105 | @ay a 000yy | |
| 106 | @ar | |
| 200 | 1 | @a毛泽东思想和中国特色社会主义理论体系概论实践教程@Amao ze dong si xiang he zhong guo te se she hui zhu yi li lun ti xi gai lun shi jian jiao cheng@f《毛泽东思想和中国特色社会主义理论体系概论实践教程》编写组编 |
| 210 | @a北京@c中共中央党校出版社@d2019.12 | |
| 215 | @a188页@d26cm | |
| 225 | 2 | @a实践教程系列@Ashi jian jiao cheng xi lie |
| 314 | @a书内题: 杨书萍, 刘永希, 廖名雄主编 | |
| 320 | @a有书目 | |
| 330 | @a本书内容包括: 毛泽东思想 ; 邓小平理论、“三个代表”重要思想、科学发展观 ; 习近平新时代中国特色社会主义思想及社会调查。 | |
| 410 | 0 | @12001 @a实践教程系列 |
| 606 | 0 | @a毛泽东思想@Amao ze dong si xiang@j教材 |
| 606 | 0 | @a中国特色社会主义@Azhong guo te se she hui zhu yi@x社会主义建设模式@j教材 |
| 690 | @aA84@v5 | |
| 690 | @aD616@v5 | |
| 701 | 0 | @a杨书萍@Ayang shu ping@4主编 |
| 701 | 0 | @a刘永希@Aliu yong xi@4主编 |
| 701 | 0 | @a廖名雄@Aliao ming xiong@4主编 |
| 801 | 0 | @aCN@bBJXHZP@c20230228 |
| 905 | @b1391948-52@dA84@e502@f5 | |
| 毛泽东思想和中国特色社会主义理论体系概论实践教程/《毛泽东思想和中国特色社会主义理论体系概论实践教程》编写组编.-北京:中共中央党校出版社,2019.12 |
| 188页;26cm.-(实践教程系列) |
| ISBN 978-7-5035-6414-7:CNY37.00 |
| 本书内容包括: 毛泽东思想 ; 邓小平理论、“三个代表”重要思想、科学发展观 ; 习近平新时代中国特色社会主义思想及社会调查。 |
| ● |
| 相关链接 |
|
|
|
|
正题名:毛泽东思想和中国特色社会主义理论体系概论实践教程
索取号:A84/502
 
预约/预借
| 序号 | 登录号 | 条形码 | 馆藏地/架位号 | 状态 | 备注 |
| 1 | 1391948 | 213919483 | 第一样本阅览室/ [索取号:A84/502] | 在馆 | |
| 2 | 1391949 | 213919492 | 第一借阅区/ [索取号:A84/502] | 在馆 | |
| 3 | 1391950 | 213919508 | 第一借阅区/ [索取号:A84/502] | 在馆 | |
| 4 | 1391951 | 213919517 | 第一借阅区/ [索取号:A84/502] | 在馆 | |
| 5 | 1391952 | 213919526 | 第一借阅区/ [索取号:A84/502] | 在馆 |